| 000 | 01270nam a2200313 i 4500 | ||
|---|---|---|---|
| 001 | 197087 | ||
| 003 | ES-ScRBPG | ||
| 005 | 20250824063100.0 | ||
| 008 | 250403s2025 sp e 1 spa d | ||
| 017 |
_aLU 2-2025 _bOficina Depósito Legal Lugo |
||
| 020 | _a9788412906776 | ||
| 040 |
_aBPL _bglg _cES-MaACL |
||
| 080 | 1 | _a821.134.2-31"20"*H | |
| 100 | 1 |
_aHerrero Medina, Celia, _d1971- _9239960 _eaut |
|
| 245 | 1 | 3 |
_aLa niña del acerico / _cCelia Herrero Medina. |
| 260 |
_aMadrid : _bPublilar, _c2025, _e([S. l.] _f: Initium Lar). |
||
| 300 |
_a457 páginas ; _c23 cm. |
||
| 336 |
_atexto _2rdacontent |
||
| 337 |
_asen mediación _2rdamedia |
||
| 338 |
_avolume _2rdacarrier |
||
| 651 | 0 |
_aAndalucia- _xHistoria- _y1936-1939 (Guerra civil)- _vNovelas _9239961 |
|
| 655 | 7 |
_aNovelas históricas _9226782 _2tgfbne |
|
| 852 |
_aES-MaACL _cDEPOJ _jN-10528 _gDedicatoria autógrafa de la autora _hDonación: Celia Herrero Medina _xEncuadernación rústica con solapas _9206651 |
||
| 903 |
_9239960 _aHerrero Medina, Celia, _d1971- _ednr |
||
| 942 |
_n0 _cMONOGRAFIA |
||
| 999 |
_c197087 _d197087 |
||